Mining and its effect on property values. (Record no. 93625)

MARC details
000 -LEADER
fixed length control field 00805cam a2200253 4500
008 - FIXED-LENGTH DATA ELEMENTS--GENERAL INFORMATION
fixed length control field 090401t1992 xxu||||| |||| 00| 0 eng d
020 ## - INTERNATIONAL STANDARD BOOK NUMBER
International Standard Book Number 0854065350
035 ## - SYSTEM CONTROL NUMBER
System control number (Sirsi) u55541
041 ## - LANGUAGE CODE
Language code of text/sound track or separate title eng
050 ## - LIBRARY OF CONGRESS CALL NUMBER
Classification number 333.333
090 ## - LOCALLY ASSIGNED LC-TYPE CALL NUMBER (OCLC); LOCAL CALL NUMBER (RLIN)
Classification number (OCLC) (R) ; Classification number, CALL (RLIN) (NR) RICS 1992/20ABCD
100 ## - MAIN ENTRY--PERSONAL NAME
Personal name Jayne, Michael Ross
245 ## - TITLE STATEMENT
Title Mining and its effect on property values.
260 ## - PUBLICATION, DISTRIBUTION, ETC.
Place of publication, distribution, etc. London
Name of publisher, distributor, etc. Royal Institution of Chartered Surveyors
Date of publication, distribution, etc. 1992
300 ## - PHYSICAL DESCRIPTION
Extent 24p. ; 30cm.
350 ## - PRICE (NR) (BK AM CF MU VM SE) [OBSOLETE]
Price 4.95
520 ## - SUMMARY, ETC.
Summary, etc. Based on research into the effects of mining and, in particular, subsidence problems on property values in North Staffordshire
650 ## - SUBJECT ADDED ENTRY--TOPICAL TERM
Topical term or geographic name entry element HOUSE PRICES
650 ## - SUBJECT ADDED ENTRY--TOPICAL TERM
Topical term or geographic name entry element STAFFORDSHIRE
690 ## - LOCAL SUBJECT ADDED ENTRY--TOPICAL TERM (OCLC, RLIN)
Topical term or geographic name as entry element RATING AND VALUATION
710 ## - ADDED ENTRY--CORPORATE NAME
Corporate name or jurisdiction name as entry element Royal Institution of Chartered Surveyors
9 (RLIN) 4900
942 ## - ADDED ENTRY ELEMENTS (KOHA)
Suppress in OPAC 0
948 ## - LOCAL PROCESSING INFORMATION (OCLC); SERIES PART DESIGNATOR (RLIN)
c (OCLC) 04/03/1997
Holdings
Withdrawn status Lost status Source of classification or shelving scheme Damaged status Not for loan Home library Current library Shelving location Date acquired Cost, normal purchase price Total Checkouts Full call number Barcode Date last seen Copy number Cost, replacement price Price effective from Koha item type Date last checked out
    Dewey Decimal Classification     London London RICS Boxes 09/06/1992 4.95   RICS 1992/20 30033540 06/08/2019 1 4.95 06/08/2019 Archive  
    Dewey Decimal Classification     London London RICS Boxes 09/06/1992 4.95   RICS 1992/20 30033541 06/08/2019 2 4.95 06/08/2019 Reference material  
    Dewey Decimal Classification     London London RICS Boxes 09/06/1992 4.95 4 RICS 1992/20 30033542 06/08/2019 3 4.95 06/08/2019 Book 27/07/2006